Statistics for Stray Kids Members

Click here to take the quiz!

General Stats

  • This quiz has been taken 314 times
  • The average score is 8 of 8

Answer Stats

HintAnswer% Correct
LeaderBangchan
100%
Main DancerLee Know
99%
Main RapperChangbin
98%
Korean-AustralianFelix
98%
Maknae of 3RachaHan
96%
VisualHyunjin
96%
MaknaeI.N.
96%
Main VocalSeungmin
94%

Score Distribution

Percentile by Number Answered

Percent of People with Each Score

Your Score History

You have not taken this quiz